[Event "Belgrade-chT Quality"]
[Site "Belgrade"]
[Date "2009.10.30"]
[Round "8"]
[White "Petkovic, Zeljko"]
[Black "Srdic, Danilo"]
[Result "1-0"]
[WhiteElo "2107"]
[BlackElo "2227"]
[PlyCount "77"]
[EventDate "2009.10.11"]
[EventType "team-tourn"]
[EventRounds "11"]
[EventCountry "YUG"]
[SourceTitle "CBM 133 Extra"]
[Source "ChessBase"]
[SourceDate "2010.01.05"]
[SourceVersion "1"]
[SourceVersionDate "2010.01.05"]
[SourceQuality "1"]

1. e4 c5 2. Nc3 Nc6 3. Bc4 e6 4. d3 Nf6 5. Bg5 Be7 6. Nf3 0-0 7. 0-0 Nd4 8. Nxd4 cxd4 9. Ne2 d5 10. exd5 Nxd5 11. Bxe7 Nxe7 12. Qd2 Qd6 13. Ng3 Qc6 14. Rae1 b5 15. Bb3 a5 16. a3 Bb7 17. f4 a4 18. Ba2 Rac8 19. Rf2 Qd7 20. h4 Rc5 21. Ree2 Rfc8 22. Qe1 Qd8 23. f5 Bd5 24. Bxd5 Nxd5 25. fxe6 fxe6 26. Rxe6 Ne3 27. Nf1 Nxc2 28. Qe4 Ne3 29. Nxe3 dxe3 30. Qxe3 Rd5 31. Rf3 Rd7 32. Rg3 Rf7 33. h5 Qd7 34. h6 g6 35. Rf3 Rxf3 36. gxf3 Rf8 37. Qe5 Qa7+ 38. d4 Qf7 39. f4 1-0